| 000 | 01794nam0a22003491 4500 | ||
|---|---|---|---|
| 001 | RU\INFOCOMM_322\NLR\5000181111 | ||
| 005 | 20260407071246.0 | ||
| 010 |
_910100 экз. _a5-05-002312-2 |
||
| 035 | _a(NLR Aleph) 009571501 | ||
| 090 |
_a9132559 _c9132559 |
||
| 100 | _a20130215d1989 |||y0rusy50 ca | ||
| 101 | 1 | _aslo | |
| 102 | _aRU | ||
| 105 | _ay z ||||| | ||
| 200 | 1 |
_aDietky v klietke _fSamuil Maršak _g[Il. Jevenij Čarušin _gPrel. L'ubomir Feldek] |
|
| 210 |
_aM. _cRaduga _d1989 |
||
| 215 |
_a49 с. _cцв. ил. _d29 см |
||
| 300 | _aЗагл. пер.: Zvieratká | ||
| 300 | _aНа обороте тит. л.: Детки в клетке / С. Маршак. Медвежонок-невежа / А. Барто. Раз, два, три ... / А. Лаптев | ||
| 300 | _aНа пер. авт. не указан | ||
| 423 | 0 |
_12001#$aNeslušny medvedík$fAgnija Bartová$g[Il. Vladimir Sutejev$gPrel. Viera Hegerová] _1700#1$9z01790$aBarto$bA. L.$gAgnija L'vovna$f1906-1981$4070 _1790#1$9z01700$aBartová$bA.$gAgnija$4070 _tNeslušny medvedík _aBarto, Agnija L'vovna (1906-1981) |
|
| 423 | 0 |
_12001#$aRaz, dva, tri ...$fAlexej Laptev$g[Il. aut.$gPrel. L'ubomír Feldek] _1700#1$9z01790$aLaptev$bA. M.$gAleksej Michajlovič$f1905-1965$4070 _1790#1$9z01700$aLaptev$bA.$gAlexej$4070 _tRaz, dva, tri ... _aLaptev, Aleksej Michajlovič (1905-1965) |
|
| 513 | 1 | _aZvieratká | |
| 620 | _aМосква | ||
| 686 |
_aДл690-700 _2rubbk |
||
| 700 | 1 |
_7ba _8rus _aMaršak _bS. J. _f1887-1964 _gSamuil Jakovlevič _3RU\NLR\AUTH\770278106 _92650073 |
|
| 790 | 1 |
_4070 _7ba _8rus _aMaršak _bS. J. _f1887-1964 _gSamuil Jakovlevič _3RU\NLR\AUTH\770278106 _92650073 |
|
| 801 | 1 |
_aRU _bInfocomm _c20130215 |
|
| 801 | 0 |
_aRU _bINFOCOMM _gPSBO |
|
| 852 |
_aNLR _jСл Слов-4/1470 |
||
| 942 | _cBOOK | ||
| 980 | _aNB | ||